| Tag |
First Indicator |
Second Indicator |
Subfields |
| LEADER |
00000cam a2200000 i 4500 |
| 001 |
in00004130713 |
| 005 |
20200420142110.0 |
| 006 |
m do | | |
| 007 |
cr ||||||||||| |
| 008 |
190927t20202020enkb ob 001 0 eng |
| 010 |
|
|
|a 2019038709
|
| 020 |
|
|
|a 9781108773669
|q electronic book
|
| 020 |
|
|
|a 1108773664
|q electronic book
|
| 020 |
|
|
|z 9781108489010
|q hardcover
|
| 020 |
|
|
|z 9781108733281
|q paperback
|
| 024 |
8 |
|
|a 40029641735
|
| 035 |
|
|
|a (DLC)ybp16357022
|
| 040 |
|
|
|a NhCcYBP
|c NhCcYBP
|d UtOrBLW
|
| 042 |
|
|
|a pcc
|
| 043 |
|
|
|a n-us-md
|
| 050 |
|
4 |
|a HQ146.B2
|b H46 2020
|
| 082 |
0 |
0 |
|a 306.7409752/6
|2 23
|
| 100 |
1 |
|
|a Hemphill, Katie M.,
|e author.
|0 http://id.loc.gov/authorities/names/n2019058212
|
| 245 |
1 |
0 |
|a Bawdy city :
|b commercial sex and regulation in Baltimore, 1790-1915 /
|c Katie M. Hemphill, University of Arizona.
|
| 264 |
|
1 |
|a Cambridge, United Kingdom ;
|a New York, NY :
|b Cambridge University Press,
|c 2020.
|
| 264 |
|
4 |
|c ©2020
|
| 300 |
|
|
|a 1 online resource.
|
| 336 |
|
|
|a text
|b txt
|2 rdacontent
|
| 337 |
|
|
|a computer
|b c
|2 rdamedia
|
| 338 |
|
|
|a online resource
|b cr
|2 rdacarrier
|
| 504 |
|
|
|a Includes bibliographical references and index.
|
| 588 |
|
|
|a Description based on online resource; title from digital title page (viewed on January 02, 2020).
|
| 505 |
0 |
|
|a Cover -- Half-title -- Title page -- Copyright information -- Dedication -- Contents -- List of Figures -- Acknowledgments -- List of Abbreviations -- Introduction -- A Note on Terminology -- Part I The Rise of Prostitution in the Early Republic -- 1 Selling Sex in the Early Republic -- 2 The Expansion of Prostitution and the Rise of the Brothel -- 3 Brothel Prostitution and Antebellum Urban Commercial Networks -- Part II Regulating and Policing the Sex Trade -- 4 Policing the Expanding Sex Trade -- 5 ''Our Patriotic Friends'': Selling Sex in the Civil War Era
|
| 505 |
8 |
|
|a 6 Prostitution, Policing, and Property Rights in the Gilded Age -- Part III Change and Decline in the Brothel Trade -- 7 Black Baltimoreans and the Bawdy Trade -- 8 Rise of Urban Leisure and the Decline of Brothels -- 9 The End of an Era -- Conclusion -- Bibliography -- Archival Sources -- Alan Chesney Medical Archives, Baltimore, MD -- Baltimore City Archives, Baltimore, MD -- Enoch Pratt Free Library, Baltimore, MD -- Library Company of Philadelphia, Philadelphia, PA -- Maryland State Archives, Annapolis, MD -- Maryland Historical Society, Baltimore, MD
|
| 505 |
8 |
|
|a Milton S. Eisenhower Library Special Collections, Baltimore, MD -- National Archives, Washington, DC -- New-York Historical Society, New York, NY -- Newspapers -- Published Primary Sources -- Online Databases -- Secondary Sources -- Index
|
| 500 |
|
|
|a Electronic resource.
|
| 650 |
|
0 |
|a Prostitution
|z Maryland
|z Baltimore
|x History.
|
| 650 |
|
0 |
|a Brothels
|z Maryland
|z Baltimore
|x History.
|
| 655 |
|
7 |
|a Electronic books.
|2 local
|
| 710 |
2 |
|
|a Cambridge University Press.
|0 http://id.loc.gov/authorities/names/n50059133
|
| 776 |
1 |
8 |
|i Print version:
|a Hemphill, Katie M..
|t Bawdy city
|d Cambridge, United Kingdom ; New York, NY : Cambridge University Press, 2020.
|z 9781108489010
|w (DLC) 2019038708
|
| 856 |
4 |
0 |
|u http://proxy.library.tamu.edu/login?url=https://doi.org/10.1017/9781108773669
|z Connect to the full text of this electronic book
|t 0
|
| 955 |
|
|
|a YBP purchased approval e-records
|
| 980 |
|
|
|b 140.00
|g 1
|
| 999 |
f |
f |
|s 53abe7e5-c998-361f-ba25-67089b48a46f
|i 34721e10-e345-3d0b-82e6-74e2260c6f40
|t 0
|
| 952 |
f |
f |
|a Texas A&M University
|b College Station
|c Electronic Resources
|d Available Online
|t 0
|e HQ146.B2 H46 2020
|h Library of Congress classification
|
| 998 |
f |
f |
|a HQ146.B2 H46 2020
|t 0
|l Available Online
|